[Event "Pavlodar Open 2019"]
[Site "Pavlodar"]
[Date "2019.11.25"]
[Round "5.1"]
[White "Faizrakhmanov, Ramil"]
[Black "Khegay, Dmitriy"]
[Result "0-1"]
[WhiteElo "2434"]
[BlackElo "2504"]
[Annotator "TA"]
[PlyCount "126"]
[EventDate "2019.11.25"]
[EventType "swiss"]
[EventCountry "KAZ"]
[SourceTitle "playchess.com"]
[Source "ChessBase"]
[SourceQuality "1"]

{[%evp 9,146,19,12,9,18,14,21,18,18,19,29,18,17,22,9,10,17,23,23,26,17,22,24,14,120,0,30,-42,-17,-25,-11,-58,-58,-72,-71,-96,-95,-95,-40,-36,-29,-33,-20,-45,-45,-39,-33,-31,-33,-35,-35,-60,-84,-76,-72,-104,-104,-104,-104,-241,-233,-256,-256,-300,-284,-275,-46,-95,-46,-137,-137,-138,-54,-343,-343,-343,-343,-343,-343,-350,-350,-493,-374,-3700,-403,-4982,-4890,-5643,-4691,-2961,-3035,-1995,-2162,-1926,-1894,-1459,-217,-202,-202,-542,-542,-12833,-12827,-12827,-12827,-12827,-12827,-1591,-1798,-12835,-12836,-12843,-12843,-12844,-12844,-12845,-12845,-12845,-12846,-12848,-12848,-12850,-12848,-12849,-12849,-12850,-29973,-12851,-29968,-12851,-27999,-12851,-29974,-12851,-27999,-12851,-29983,-12851,-29986]} 1. d4 d5 2. c4 c6 3. Nc3 dxc4 4. e3 b5 5. a4 b4 6. Ne4 {D10: Slav Defence: 3 cxd5 (without early Nf3) and 3 Nc3} Qd5 7. Nd2 c3 8. bxc3 {The position is equal.} bxc3 9. Nb1 Qa5 10. Qc2 Na6 11. Qxc3 Nb4 12. Bd2 e6 13. Nf3 Nf6 {[#]} 14. Bc4 $146 Be7 15. O-O O-O 16. Ne5 Bb7 (16... Bd6 $11 {keeps the balance.}) 17. Nd3 (17. Qb3 $1 $16) 17... Ne4 18. Qc1 ({White should play} 18. Qb2 $11 c5 19. dxc5 Nxd2 20. Nxd2 Bxc5 21. Rfb1 (21. Nxc5 Qxc5 22. Rfc1 Qg5 $11) 21... Nxd3 22. Bxd3) 18... c5 $15 19. dxc5 $1 Bxc5 20. Bxb4 Bxb4 21. Qb2 Rac8 22. Rc1 Rfd8 $1 {Hoping for ...Rxc4!} 23. h3 ({Don't blunder} 23. Qxb4 $2 Qxb4 24. Nxb4 Rxc4 $1 $19 {[%mdl 512]}) 23... Nd6 (23... Qg5 $1 $17 24. Qxb4 Nxf2 25. Qxb7 Nxd3) 24. Qxb4 Qxb4 25. Nxb4 {Black must now prevent Nd2.} Nxc4 26. Na3 Nxa3 27. Rxc8 Rxc8 28. Rxa3 {[%mdl 4096] Endgame KRB-KRN} Kf8 29. f3 Ke7 30. e4 a5 31. Nd3 Ba6 32. Rb3 Bxd3 33. Rxd3 $17 {KR-KR} Rc4 34. Rb3 (34. Ra3 $17) 34... Rxa4 $19 35. Rb7+ Kf6 36. Ra7 g5 37. Kh2 h5 $2 (37... Ra1 $19 {Strongly threatening ...a4.} 38. Kg3 a4) 38. h4 $1 $15 g4 39. Kg3 (39. fxg4 $15 hxg4 40. e5+ $1 {[%mdl 512]} Kg6 41. Kg3) 39... gxf3 $17 40. gxf3 Ra1 (40... e5 $1 $17 41. Ra8 Ra1) 41. Kg2 $2 {[%mdl 8192]} (41. Ra6 $15) 41... a4 $19 {[%cal Ba5a4,Ba4a3,Ba3a2][%mdl 32]} 42. Ra5 Kg6 43. Rg5+ {[#]} Kh6 $1 44. Ra5 a3 45. Kh2 (45. Ra7 $142) 45... a2 46. Kg2 $2 (46. e5) 46... Kg6 (46... Kg7 $142 47. Ra7 Kf8) 47. Rg5+ (47. Ra7 $142) 47... Kf6 48. Ra5 Ke7 49. Ra6 Kd7 50. Ra7+ Kc6 51. Kh2 Kb6 52. Ra8 Rf1 $2 (52... Kb5 {And now ...f5 would win.} 53. Kg2 Kb4) 53. Rxa2 Rxf3 54. Ra8 $2 (54. Rg2 {nothing else works.}) 54... Rf4 $1 {[%csl LRe4,LRh4]} 55. Rf8 Kc5 56. Kg3 e5 57. Rh8 {[#]} Kd4 $1 58. Rxh5 Kxe4 59. Rh8 f5 60. h5 Rg4+ 61. Kf2 Kf4 62. h6 e4 63. h7 e3+ {Played: Rg4-h4} 0-1

[Event "Pavlodar Open 2019"]
[Site "Pavlodar"]
[Date "2019.11.25"]
[Round "5.2"]
[White "Tiviakov, Sergei"]
[Black "Igambergenov, Alibek"]
[Result "1-0"]
[WhiteElo "2613"]
[BlackElo "2410"]
[Annotator "TA"]
[PlyCount "65"]
[EventDate "2019.11.25"]
[EventType "swiss"]
[EventCountry "KAZ"]
[SourceTitle "playchess.com"]
[Source "ChessBase"]
[SourceQuality "1"]

{[%evp 12,67,57,29,42,20,18,22,29,33,49,38,33,43,70,37,41,40,40,44,45,43,72,80,67,60,83,59,96,91,105,85,329,327,958,948,874,180,675,602,647,484,472,470,1385,1386,1284,649,666,684,682,670,674,669,1245,1050,1239,1218]} 1. e4 g6 2. d4 Bg7 3. c3 d6 4. Nf3 Nf6 5. Bd3 O-O 6. O-O Nc6 7. d5 Nb8 {[%cal Bc6b8,Bb8a6,Ba6c5][%mdl 32] B07: Pirc Defence: Miscellaneous Systems} (7... Ne5 8. Nxe5 dxe5 9. c4 e6 10. Nc3 exd5 11. exd5 c6 12. dxc6 bxc6 13. Be3 Qc7 14. h3 Nh5 15. Be4 Be6 16. Qa4 Rfc8 17. Bf3 Nf4 18. Rad1 {1-0 (40) Morozevich,A (2659)-Sviridov,V (2556) St Petersburg 2019}) 8. h3 c6 9. c4 Na6 {The position is equal.} 10. Nc3 Nc5 11. Be3 cxd5 $146 ({Predecessor:} 11... Nxd3 12. Qxd3 cxd5 13. cxd5 Bd7 14. Rfd1 Qa5 15. a3 {0-1 (47) Lavrov,M (2121)-Bernadskiy,V (2319) Lvov 2008}) 12. cxd5 Nfd7 13. Nd4 Nxd3 14. Qxd3 Nc5 15. Qd2 Bd7 16. Bh6 Qb6 17. Bxg7 Kxg7 18. Rfe1 Rac8 19. e5 dxe5 20. Rxe5 e6 21. Rae1 $1 Rfd8 $2 (21... f6 $16 {is a better defense.} 22. Rxe6 (22. Nxe6+ Bxe6 23. Rxe6 Nxe6 $11) 22... Bxe6 23. dxe6 Rfe8) 22. Rh5 $18 {Strongly threatening Qh6+.} gxh5 $2 (22... Kg8 23. Rh4 h5) 23. Qg5+ Kf8 {[#]} 24. Qh6+ $2 (24. Qf6 $1 {[%mdl 512] White wants to mate with Nf5!} Kg8 25. Re5) 24... Ke8 $2 (24... Kg8 25. Re5 f5 26. dxe6 (26. Qg5+ Kh8 $11) 26... Bxe6 27. Qg5+ Kh8 28. Qf6+ {[%mdl 64] Double Attack} Kg8 29. Rxe6 Ne4 30. Nxe4 (30. Qxf5 Qxd4 31. Nxe4 Rf8 $18) 30... Qxd4 31. Re8+ {[%mdl 64] Deflection} Rxe8 32. Qxd4 fxe4 33. Qd5+ (33. Qxa7 Re7 $18) 33... Kf8 34. Qxb7 (34. Qxh5 Rc1+ 35. Kh2 Rc7 $16) 34... Rc1+ 35. Kh2 Re7 36. Qb8+ Kg7 37. Qg3+ Kh8) 25. Nf5 {Threatening mate with Qf6.White is clearly winning.} Bb5 {...Bd3 is the strong threat.} 26. Qxh7 {White threatens Qg8+ and mate.} Rc7 {White must now prevent ...Bd3.} 27. d6 $1 {Nd5! would kill now.} (27. dxe6 fxe6 28. Qg6+ Kf8 $14) 27... Nd3 {[#]} (27... Bc4 $142 28. dxc7 Qxc7 29. Qh8+ Kd7 30. Qd4+ {[%mdl 64] Double Attack} (30. Qxh5 exf5 31. b4 Ne6 $15) (30. Qf6 Kc8 $14) 30... Kc8 31. Qxc4 Nd3 32. Ne7+ Kb8 33. Qxc7+ Kxc7) 28. Rxe6+ $1 {[%mdl 512]} Kd7 (28... fxe6 29. d7+) 29. dxc7 Qxf2+ 30. Kh2 Qf4+ {[#]} 31. Ng3 $1 Kxc7 {Threatening ...h4.} 32. Nxb5+ Kb8 {[#]} 33. Qxd3 {Played: Re6-d6} 1-0

[Event "Pavlodar Open 2019"]
[Site "Pavlodar"]
[Date "2019.11.25"]
[Round "5.3"]
[White "Burmakin, Vladimir"]
[Black "Vorobiov, Evgeny E."]
[Result "1/2-1/2"]
[WhiteElo "2508"]
[BlackElo "2554"]
[Annotator "TA"]
[PlyCount "39"]
[EventDate "2019.11.25"]
[EventType "swiss"]
[EventCountry "KAZ"]
[SourceTitle "playchess.com"]
[Source "ChessBase"]
[SourceQuality "1"]

{[%evp 18,19,33,19]} 1. d4 Nf6 2. Nf3 g6 3. g3 Bg7 4. Bg2 O-O 5. O-O d5 6. c4 c6 7. Qb3 Qb6 8. Nc3 dxc4 9. Qxc4 Be6 10. Qa4 {Predecessor:} Qa6 $146 11. Qc2 Nd5 12. Bg5 Re8 13. Rfe1 Nxc3 14. bxc3 c5 15. Qe4 h6 16. Bf4 Nd7 17. Ne5 Nxe5 18. Bxe5 Bxe5 19. Qxe5 cxd4 20. cxd4 {½-½ (58) Esipenko,A (2611)-Pridorozhni,A (2588) Yaroslavl 2019} 1/2-1/2

[Event "Pavlodar Open 2019"]
[Site "Pavlodar"]
[Date "2019.11.25"]
[Round "5.4"]
[White "Yudin, Sergei"]
[Black "Obolenskikh, Dmitry"]
[Result "1-0"]
[WhiteElo "2497"]
[BlackElo "2542"]
[Annotator "TA"]
[PlyCount "37"]
[EventDate "2019.11.25"]
[EventType "swiss"]
[EventCountry "KAZ"]
[SourceTitle "playchess.com"]
[Source "ChessBase"]
[SourceQuality "1"]

{[%evp 9,83,-23,-25,-30,0,0,0,0,0,0,7,0,22,0,0,-28,0,0,0,-7,4,10,32,0,22,38,64,59,77,63,73,63,103,60,60,48,89,77,85,55,52,54,109,100,106,88,82,50,50,48,48,50,53,48,41,33,38,40,26,14,66,62,110,112,295,159,307,298,616,611,587,580,575,530,620,620]} 1. d4 Nf6 2. Nf3 d5 3. c4 c6 4. Nc3 dxc4 5. e4 b5 $1 6. Be2 {D15: Slav Defence: 4 Nc3 a6 and gambit lines after 4 Nc3 dxc4} g6 (6... e6 7. O-O Be7 8. a4 b4 9. e5 Nd5 10. Ne4 Ba6 11. Bd2 Qa5 12. Rc1 Nd7 13. Bxc4 Bxc4 14. Rxc4 {½-½ (39) Salem,A (2672)-Shankland,S (2725) chess.com INT 2019}) 7. O-O Bg7 8. a4 {The position is equal.} b4 9. e5 Nd5 10. Ne4 {[%cal Bc3e4,Be4g3,Bg3e2][%mdl 32]} c3 $1 11. a5 $146 ({Predecessor:} 11. Bc4 cxb2 12. Bxb2 a5 13. Re1 O-O {1-0 (37) Pert,R (2423)-Aradhya,G (2231) London 2016}) 11... O-O 12. Qb3 {[%cal Rb2c3]} Bf5 13. Ng3 Bg4 14. h3 $36 {[%mdl 2048] White is more active.} Bxf3 15. Bxf3 Na6 16. Qc4 Qc8 17. bxc3 bxc3 18. Ne2 Rb8 19. Nxc3 {Played: Bc1-a3} 1-0

[Event "Pavlodar Open 2019"]
[Site "Pavlodar"]
[Date "2019.11.25"]
[Round "5.5"]
[White "Sisabayev, Kuanysh"]
[Black "Zhigalko, Andrey"]
[Result "1-0"]
[WhiteElo "2256"]
[BlackElo "2537"]
[Annotator "TA"]
[PlyCount "117"]
[EventDate "2019.11.25"]
[EventType "swiss"]
[EventCountry "KAZ"]
[SourceTitle "playchess.com"]
[Source "ChessBase"]
[SourceQuality "1"]

{[%evp 9,117,-31,-35,-20,-22,-33,-13,-56,-52,-69,-68,-92,-56,-79,-86,-106,-102,-92,-103,-103,-93,-95,-85,-113,-114,-93,-16,-33,-17,-20,117,111,105,100,114,82,85,86,97,91,78,93,87,75,131,135,135,126,136,130,131,37,44,43,40,38,46,12,83,93,134,116,117,139,145,97,137,135,146,0,3,0,0,5,6,6,31,9,48,48,1012,1300,1316,1115,853,1086,960,953,754,1062,989,881,1276,1297,6610,6610,12841,12842,12842,12842,12843,12843,12843,12840,12840,12841,12840,12839,29998,29999]} 1. e4 c5 2. b3 g6 (2... Nc6 3. Bb2 e5 4. Nf3 d6 5. Bc4 Be7 6. O-O Nh6 7. c3 O-O 8. d4 Qc7 9. Na3 Kh8 10. Nc2 f5 11. exf5 Nxf5 12. dxe5 dxe5 13. Qe2 Nd6 {½-½ (64) Vachier Lagrave,M (2780)-Maze,S (2596) chess.com INT 2019}) 3. Bb2 Nf6 4. e5 Nd5 5. Bc4 Nb6 6. e6 {[%csl Gc4][%cal Re6f7] B20: Sicilian: Unusual White 2nd moves} f6 7. Bb5 Nc6 8. exd7+ {The position is equal.} Bxd7 9. h4 e5 $146 ({Predecessor:} 9... Bg7 10. Na3 {0-1 (41) Draskovic,L (2432)-Hracek,Z (2631) Jerusalem 2015}) 10. h5 {Black should prevent hxg6.} g5 11. h6 Qe7 12. Nc3 O-O-O 13. a4 Nd4 14. Bxd7+ Qxd7 ({Much weaker is} 14... Rxd7 15. a5 $15) 15. Nge2 Kb8 16. d3 Qc6 17. Kf1 Nf5 (17... f5 $17 18. Ng3 Bxh6) 18. a5 $11 Na8 19. Ng3 Nxh6 (19... Nh4 $11 20. Nce4 Nc7) 20. Nce4 $16 Nc7 21. Qf3 $1 Bg7 22. Nh5 f5 23. Nxg7 fxe4 24. Qxe4 Qxe4 25. dxe4 Nf7 26. Ke2 Nb5 (26... h6 $142) 27. Ne6 Rd6 28. Nxc5 Rc8 29. b4 $1 ({And not} 29. Rxh7 Rxc5 30. c4 Nd8 $17) 29... h6 30. c3 (30. Rh3 $16) 30... b6 $1 $14 {[%cal Rb6c5]} 31. axb6 axb6 32. Na4 Kb7 33. f3 Rcd8 (33... g4 $11) 34. Rhd1 $16 Ra8 35. c4 Nd4+ 36. Bxd4 $1 Rxd4 37. Nb2 {Black must now prevent Rxa8.} Rxa1 38. Rxa1 {[%mdl 4096] Endgame KRN-KRN} g4 {[#]} 39. Rd1 (39. b5 $1 $16) 39... gxf3+ $11 40. gxf3 {Strongly threatening Rxd4.} Rxd1 41. Nxd1 {KN-KN} ({Much less strong is} 41. Kxd1 $6 Kc6 $16) 41... h5 $1 42. Ne3 Kc6 43. Kf2 Ng5 44. Kg3 h4+ $2 {[%mdl 8192]} (44... Kd6 $14) 45. Kg4 $18 h3 {[#]} 46. Nf1 $1 Ne6 47. Kxh3 Nf4+ 48. Kg4 Nd3 49. Kf5 Kd6 50. b5 Kc5 51. Ne3 Ne1 52. Kxe5 Nxf3+ 53. Kf4 Nd4 54. e5 Kb4 55. Ke4 Kc5 56. Nf5 Ne6 57. Nd6 Ng7 58. Kd3 Ne6 59. Kc3 {Accuracy: White = 58%, Black = 40%.} 1-0

[Event "Pavlodar Open 2019"]
[Site "Pavlodar"]
[Date "2019.11.25"]
[Round "5.6"]
[White "Korneev, Oleg"]
[Black "Samusenko, Maksim"]
[Result "1-0"]
[WhiteElo "2530"]
[BlackElo "2445"]
[Annotator "TA"]
[PlyCount "129"]
[EventDate "2019.11.25"]
[EventType "swiss"]
[EventCountry "KAZ"]
[SourceTitle "playchess.com"]
[Source "ChessBase"]
[SourceQuality "1"]

{[%evp 24,129,36,39,107,97,93,95,129,93,113,88,105,104,109,105,121,85,132,118,144,139,146,141,148,143,150,110,101,101,141,141,179,181,181,176,203,189,199,200,200,182,190,194,190,182,197,184,212,211,198,147,293,286,307,306,320,356,333,329,270,241,237,244,239,231,273,264,283,265,284,248,345,329,670,654,855,845,758,784,1588,1612,1524,1529,1387,1329,29965,29966,29963,29963,12835,5145,29967,29968,29978,29979,29979,29981,29981,29982,29983,29984,29984,29985,29985,29986,29986,29986]} 1. e4 c5 2. Nf3 Nc6 3. d4 cxd4 4. Nxd4 Nf6 5. Nc3 e5 6. Ndb5 d6 7. Bg5 a6 8. Na3 b5 9. Nd5 Be7 10. Bxf6 Bxf6 11. c3 Bb7 12. Nc2 Nb8 13. Nce3 g6 {B33: Sicilian: Pelikan and Sveshnikov Variations} (13... O-O $14) 14. a4 $16 bxa4 15. Qxa4+ Bc6 {White is better.} 16. Nxf6+ $146 ({Predecessor:} 16. Qa5 O-O 17. Bd3 Bg5 18. O-O Bxe3 19. Nxe3 Qh4 20. f3 Qf4 21. Rfe1 {1-0 (34) Murariu,A (2389)-Gogin,R (2100) Budva 2003}) 16... Qxf6 17. Nd5 Qd8 18. Qa5 {And now Nc7+ would win.} O-O 19. Qxd8 Rxd8 20. b4 Kf8 21. Kd2 Bb7 22. f3 Nc6 23. Nc7 Rac8 24. Nxa6 Ne7 25. Kc2 f5 26. Bd3 Kg7 27. Rhd1 Rf8 28. Kb2 Kh6 29. Rd2 Ba8 30. Bc2 Rf6 31. Rad1 d5 32. Nc5 {[%cal Re4d5]} (32. exd5 Rxa6 33. Bb3 (33. d6 Ng8 $11) 33... f4 $11) 32... d4 33. cxd4 {d5 is the strong threat.} Rb6 34. Ka3 {Threatens to win with d5.} Nc6 35. Na4 ({Don't do} 35. exf5 $6 Nxb4 36. Bb3 Bd5 $16) 35... Rbb8 36. d5 ({But not} 36. exf5 $6 Nxd4 37. Nc5 gxf5 $16) 36... Nxb4 37. Rb1 ({White should play} 37. Bb1 $18) 37... Rc4 (37... Rxc2 $16 {was necessary.} 38. Rxb4 Rxd2 39. Rxb8 fxe4) 38. Bb3 $18 Rc7 39. Bd1 Na6 40. Rxb8 Nxb8 41. Rc2 Ra7 42. Be2 Nd7 43. Kb4 Nf6 44. Nc3 Kg5 45. g3 h5 46. h4+ Kh6 47. Bd3 g5 48. Kc5 f4 $2 {[#]} (48... fxe4 49. fxe4 Rb7) 49. gxf4 exf4 50. hxg5+ Kxg5 51. e5 Nxd5 52. Rg2+ ({Not} 52. Nxd5 Ra5+ 53. Kb6 Rxd5 $16) 52... Kh4 53. Nxd5 Ra5+ {[#]} 54. Bb5 $1 Bxd5 55. Kxd5 Rxb5+ {[%mdl 4096] Endgame KR-KR} 56. Ke4 Kh3 57. Rg8 h4 58. e6 {White mates.} Rb1 59. Kxf4 Re1 60. Kf5 Kh2 61. f4 h3 62. Kf6 Kh1 63. e7 h2 64. e8=Q {[%cal Re8e1]} Re6+ 65. Kg5 {Accuracy: White = 97%, Black = 35%.} 1-0

[Event "Pavlodar Open 2019"]
[Site "Pavlodar"]
[Date "2019.11.25"]
[Round "5.7"]
[White "Boiarintsev, Vitaly"]
[Black "Makhnev, Denis"]
[Result "0-1"]
[WhiteElo "2314"]
[BlackElo "2476"]
[Annotator "TA"]
[PlyCount "78"]
[EventDate "2019.11.25"]
[EventType "swiss"]
[EventCountry "KAZ"]
[SourceTitle "playchess.com"]
[Source "ChessBase"]
[SourceQuality "1"]

{[%evp 20,78,36,12,18,7,0,1,2,0,0,0,9,0,14,0,0,-40,-33,-40,-35,-42,-56,-40,-40,-45,-60,-102,-95,-178,-174,-164,-175,-270,-272,-266,-263,-263,-252,-238,-243,-535,-505,-741,-682,-1087,-1089,-1067,-1059,-1025,-913,-898,-605,-5173,-5196,-5297,-4542,-29980,-29981,-29981,-29974]} 1. e4 e5 2. Nf3 Nc6 3. Nc3 Nf6 4. d4 exd4 5. Nxd4 Bb4 6. Nxc6 bxc6 7. Bd3 d5 8. exd5 cxd5 9. Qe2+ Qe7 10. Qxe7+ Kxe7 11. Bd2 c6 {C47: Scotch Four Knights and Four Knights with 4 g3} 12. O-O-O Re8 13. h3 (13. Rhe1+ Kf8 14. Rxe8+ Kxe8 15. Be3 Be6 16. Ba6 Bc8 17. Bxc8 Rxc8 18. Bd4 Rc7 19. Bxf6 gxf6 {½-½ (39) Kharchenko,B (2506)-Aleksandrov,A (2637) Izhevsk 2013}) 13... Kf8 $146 {The position is equal.} (13... h6 {is interesting.} 14. Be3 Nd7 15. Rhe1 Kf8 16. a3 Bc5) ({Predecessor:} 13... Be6 14. Rhe1 h6 15. f4 Kd8 16. g4 Bd6 17. Na4 d4 18. c4 c5 19. b3 {1-0 (34) Rohl Montes,J (2390)-Pons Boscana,G (2247) Binissalem 2004}) 14. Na4 Bxd2+ 15. Rxd2 h5 16. h4 Rb8 17. a3 Ne4 18. Re2 (18. Bxe4 $5 Rxe4 19. Nc5 $11) 18... Bg4 $1 {[%cal Rg4e2]} 19. f3 {[%cal Rd3e4][%mdl 64] Double Attack} Ng3 $1 {[%csl LRe2,LRh1][%mdl 64] Double Attack} 20. Rxe8+ Rxe8 21. Rd1 Bf5 $36 {[%mdl 2048] Black has the initiative.} 22. Ba6 Bg6 23. Bb7 Re7 24. Bc8 {[#]} (24. Nc5 $17) 24... Ne2+ $1 $19 25. Kb1 {[#]} Nf4 $1 26. Rd2 (26. g4 {was necessary.}) 26... Re1+ 27. Ka2 Rg1 28. g4 Rg2 29. Rxg2 Nxg2 {[%mdl 4096] Endgame KBN-KBN} 30. Bd7 $2 (30. Kb3 {keeps fighting.}) 30... Bxc2 31. Bxc6 g5 32. Nc3 gxh4 33. Ne2 h3 {Threatens to win with ...h4.} 34. gxh5 Bd1 35. Ng3 Bxf3 {White must now prevent ...h2.} 36. b4 h2 37. h6 Nf4 38. a4 Ne2 39. h7 Kg7 {Accuracy: White = 22%, Black = 89%.} 0-1

[Event "Pavlodar Open 2019"]
[Site "Pavlodar"]
[Date "2019.11.25"]
[Round "6.1"]
[White "Khegay, Dmitriy"]
[Black "Tiviakov, Sergei"]
[Result "1/2-1/2"]
[WhiteElo "2504"]
[BlackElo "2613"]
[Annotator "TA"]
[PlyCount "32"]
[EventDate "2019.11.25"]
[EventType "swiss"]
[EventCountry "KAZ"]
[SourceTitle "playchess.com"]
[Source "ChessBase"]
[SourceQuality "1"]

{[%evp 19,22,10,17,14,25]} 1. e4 e6 2. d4 d5 3. Nc3 Nf6 4. Bg5 dxe4 5. Nxe4 Nbd7 6. Nf3 h6 7. Nxf6+ Nxf6 8. Bxf6 Qxf6 9. Bd3 Bd6 10. Qe2 Bd7 11. O-O {C10: French with 3 Nc3: Unusual Black 3rd moves and 3...dxe4} O-O-O {Predecessor:} 12. Rad1 $146 Bc6 13. Be4 Bxe4 14. Qxe4 Qf4 15. Qxf4 Bxf4 16. g3 Bd6 {½-½ (52) Quesada Perez,Y (2639)-Akobian,V (2612) Arlington 2013} 1/2-1/2

[Event "Pavlodar Open 2019"]
[Site "Pavlodar"]
[Date "2019.11.25"]
[Round "6.2"]
[White "Yudin, Sergei"]
[Black "Korneev, Oleg"]
[Result "1/2-1/2"]
[WhiteElo "2497"]
[BlackElo "2530"]
[Annotator "TA"]
[PlyCount "44"]
[EventDate "2019.11.25"]
[EventType "swiss"]
[EventCountry "KAZ"]
[SourceTitle "playchess.com"]
[Source "ChessBase"]
[SourceQuality "1"]

{[%evp 10,21,5,5,5,0,5,-4,0,8,17,16,28,11]} 1. e4 c5 2. Nf3 e6 3. c3 Nf6 4. e5 Nd5 5. g3 Nc6 6. Bg2 d6 {B22: Sicilian: 2 c3} 7. exd6 Bxd6 8. d4 cxd4 9. Nxd4 Bd7 10. O-O O-O 11. c4 {[%mdl 64] Remove Defender} {Predecessor:} Nf6 $146 12. Nc3 Nxd4 13. Qxd4 Qc7 14. Nb5 Bxb5 15. cxb5 Bc5 16. Bf4 Qb6 17. Qc4 Rac8 18. Qe2 Bd4 19. a4 Rc5 20. Rad1 e5 21. b4 exf4 22. bxc5 Bxc5 {½-½ (45) Kamsky,G (2666)-Potkin,V (2597) St Petersburg 2018} 1/2-1/2

[Event "Pavlodar Open 2019"]
[Site "Pavlodar"]
[Date "2019.11.25"]
[Round "6.3"]
[White "Vorobiov, Evgeny E."]
[Black "Sisabayev, Kuanysh"]
[Result "1/2-1/2"]
[WhiteElo "2554"]
[BlackElo "2256"]
[Annotator "ChessBase"]
[PlyCount "51"]
[EventDate "2019.11.25"]
[EventType "swiss"]
[EventCountry "KAZ"]
[SourceTitle "playchess.com"]
[Source "ChessBase"]
[SourceQuality "1"]
[TimeControl "5400+30"]

1. d4 {[%emt 0:00:00]} Nf6 {[%emt 0:00:00]} 2. c4 {[%emt 0:00:00]} g6 {[%emt 0:00:24]} 3. Nc3 {[%emt 0:00:04]} Bg7 {[%emt 0:00:32]} 4. e4 {[%emt 0:00:16]} d6 {[%emt 0:00:20]} 5. Be2 {[%emt 0:00:38]} O-O {[%emt 0:00:34]} 6. Nf3 {[%emt 0:00:04]} c5 {[%emt 0:01:16]} 7. O-O {[%emt 0:00:58]} Bg4 {[%emt 0:04:11]} 8. Be3 {[%emt 0:07:08]} Bxf3 {[%emt 0:00:15]} 9. Bxf3 {[%emt 0:00:05]} cxd4 {[%emt 0:00:06]} 10. Bxd4 {[%emt 0:00:13]} Nc6 {[%emt 0:00:07]} 11. Be3 {[%emt 0:00:50]} Rc8 {[%emt 0:01:22]} 12. Be2 {[%emt 0:02:11]} Nd7 {[%emt 0:04:48]} 13. Rc1 {[%emt 0:11:16]} Nc5 {[%emt 0:01:38]} 14. f3 {[%emt 0:02:53]} Ne6 {[%emt 0:00:13]} 15. Kh1 {[%emt 0:00:52]} Ned4 {[%emt 0:02:29]} 16. Bd3 {[%emt 0:04:19]} Nb4 {[%emt 0:04:00]} 17. b3 {[%emt 0:06:26]} Nxd3 {[%emt 0:00:56]} 18. Qxd3 {[%emt 0:00:06]} Nc6 {[%emt 0:00:08]} 19. Rfd1 {[%emt 0:07:50]} Qa5 {[%emt 0:00:32]} 20. a4 {[%emt 0:05:26]} Qh5 {[%emt 0:07:09]} 21. Nd5 {[%emt 0:01:49]} g5 {[%emt 0:08:28]} 22. Bg1 {[%emt 0:04:57]} e6 {[%emt 0:02:32]} 23. Ne3 {[%emt 0:01:34]} Rfd8 {[%emt 0:00:10]} 24. Qe2 {[%emt 0:06:21]} Qg6 {[%emt 0:05:15]} 25. Rd2 {[%emt 0:04:11]} h5 {[%emt 0:00:08]} 26. Rcd1 {[%emt 0:05:15]} 1/2-1/2

[Event "Pavlodar Open 2019"]
[Site "Pavlodar"]
[Date "2019.11.25"]
[Round "6.4"]
[White "Agmanov, Zhandos"]
[Black "Burmakin, Vladimir"]
[Result "1/2-1/2"]
[WhiteElo "2404"]
[BlackElo "2508"]
[Annotator "ChessBase"]
[PlyCount "40"]
[EventDate "2019.11.25"]
[EventType "swiss"]
[EventCountry "KAZ"]
[SourceTitle "playchess.com"]
[Source "ChessBase"]
[SourceQuality "1"]
[TimeControl "5400+30"]

1. e4 {[%emt 0:00:02]} c6 {[%emt 0:00:00]} 2. d4 {[%emt 0:00:30]} d5 {[%emt 0:00:00]} 3. exd5 {[%emt 0:01:02]} cxd5 {[%emt 0:00:00]} 4. Bd3 {[%emt 0:00:03]} Nc6 {[%emt 0:01:50]} 5. c3 {[%emt 0:00:23]} Nf6 {[%emt 0:00:20]} 6. Bf4 {[%emt 0:00:29]} Bg4 {[%emt 0:05:36]} 7. Qb3 {[%emt 0:00:42]} Qd7 {[%emt 0:08:32]} 8. Nd2 {[%emt 0:01:35]} e6 {[%emt 0:04:03]} 9. Ngf3 {[%emt 0:00:31]} Bxf3 {[%emt 0:00:08]} 10. Nxf3 {[%emt 0:00:03]} Be7 {[%emt 0:00:06]} 11. Ne5 {[%emt 0:08:10]} Qc8 {[%emt 0:00:01]} 12. O-O {[%emt 0:01:01]} O-O {[%emt 0:00:25]} 13. Rfe1 {[%emt 0:02:54]} Nxe5 {[%emt 0:09:44]} 14. Bxe5 {[%emt 0:02:22]} Rd8 {[%emt 0:21:16]} 15. Re3 {[%emt 0:12:44]} Nd7 {[%emt 0:09:00]} 16. Qc2 {[%emt 0:11:49]} g6 {[%emt 0:02:14]} 17. Bf4 {[%emt 0:01:03]} Nf8 {[%emt 0:00:16]} 18. Rae1 {[%emt 0:02:36]} Qd7 {[%emt 0:00:22]} 19. Bh6 {[%emt 0:03:40]} Bf6 {[%emt 0:00:11]} 20. Rf3 {[%emt 0:15:16]} Bg7 {[%emt 0:01:02]} 1/2-1/2